00390nam a22001337a 450000500170000002000220001703500120003903700130005124500770006426000480014130000240018970000230021370000200023620120507120321.0 a8176292591c00.00 aB-80004 aDPLbENG aEconomics of Amartya Sen /cedited by Ajit Kumar Sinha and Raj Kumar Sen aNew DelhibDeep and Deep Publicationsc2001 axix, 268p.c20 cms. aSinha, Ajit Kumar  aSen, Raj Kumar